| 000 | 004900000a22001810004500 | ||
|---|---|---|---|
| 003 | LK-CoMWRAF | ||
| 008 | 230817t ||||| |||| 00| 0 eng d | ||
| 040 |
_aLK-CoMWRAF _dLK-CoMWRAF _eLK-CoMWRAF |
||
| 041 | _aeng | ||
| 082 |
_a502 _bHOW |
||
| 100 | _aSadeque, Najma | ||
| 245 |
_aHow they run the world _bThe global economy or why we are poverty - struck |
||
| 260 |
_aPakistan _bShirkat gah _c1996 |
||
| 300 | _ap.38 | ||
| 650 | _aShirkat gah | ||
| 650 | _aWLUML Net work | ||
| 942 | _cBK | ||
| 999 |
_c2971 _d2971 |
||